My first catechism / (Record no. 345462)
[ view plain ]
| 000 -LEADER | |
|---|---|
| fixed length control field | 00639nam a2200241Ia 4500 |
| 008 - FIXED-LENGTH DATA ELEMENTS--GENERAL INFORMATION | |
| fixed length control field | 171120s9999 xx 000 0 und d |
| 020 ## - INTERNATIONAL STANDARD BOOK NUMBER | |
| International Standard Book Number | 9.7897191595e+012 |
| 050 ## - LIBRARY OF CONGRESS CALL NUMBER | |
| Classification number | 238.2 |
| 050 ## - LIBRARY OF CONGRESS CALL NUMBER | |
| Item number | P669 1993 |
| 100 ## - MAIN ENTRY--PERSONAL NAME | |
| Personal name | Pirlo, Paolo O. |
| 245 ## - TITLE STATEMENT | |
| Title | My first catechism / |
| 245 ## - TITLE STATEMENT | |
| Statement of responsibility, etc | by Paolo O. Pirlo. |
| 260 ## - PUBLICATION, DISTRIBUTION, ETC. (IMPRINT) | |
| Place of publication, distribution, etc | Philippines : |
| 260 ## - PUBLICATION, DISTRIBUTION, ETC. (IMPRINT) | |
| Name of publisher, distributor, etc | Sons of Holy Mary Immaculate Quality Catholic Publications, |
| 260 ## - PUBLICATION, DISTRIBUTION, ETC. (IMPRINT) | |
| Date of publication, distribution, etc | 1993 |
| 300 ## - PHYSICAL DESCRIPTION | |
| Extent | 224 pages : |
| 300 ## - PHYSICAL DESCRIPTION | |
| Other physical details | color illustration ; |
| 300 ## - PHYSICAL DESCRIPTION | |
| Dimensions | 15cm. |
| 650 ## - SUBJECT ADDED ENTRY--TOPICAL TERM | |
| Topical term or geographic name as entry element | Catholic church -- |
| 650 ## - SUBJECT ADDED ENTRY--TOPICAL TERM | |
| Topical term or geographic name as entry element | Catholic church. |
| 650 ## - SUBJECT ADDED ENTRY--TOPICAL TERM | |
| General subdivision | Catechisms --English. |
| 700 ## - ADDED ENTRY--PERSONAL NAME | |
| Personal name | Title. |
| Withdrawn status | Lost status | Damaged status | Home library | Current library | Date acquired | Total Checkouts | Full call number | Barcode | Date last seen | Price effective from | Koha item type |
|---|---|---|---|---|---|---|---|---|---|---|---|
| Stonyhurst Southville International School (Malarayat) | Stonyhurst Southville International School (Malarayat) | 11/20/2017 | REL 238.2 P669 1993 | SSISM4506 | 11/20/2017 | 11/20/2017 | Books |